| 000 | 00655nam a2200181Ia 4500 | ||
|---|---|---|---|
| 008 | 090630s9999 xx 000 0 und d | ||
| 082 | _b18861 | ||
| 100 | _aसाठवणे पां. आ. | ||
| 245 |
_aतुळशीचा औषधी उपयोग. _cसाठवणे पां. आ. |
||
| 260 |
_bसाठवणे - नागपूर. _c1998 |
||
| 300 | _a28 | ||
| 600 | _aसाठवणे पां. आ. | ||
| 630 | _aतुळशीचा औषधी उपयोग. | ||
| 655 | _aइतर. | ||
| 700 | _aसाठवणे पां. आ. | ||
| 730 | _aतुळशीचा औषधी उपयोग. | ||
| 942 | _cBOOK | ||
| 999 |
_c270717 _d270717 |
||